000
00432nam a22001097a 4500
082
_a
920
100
_a
झा, डॉ अंजनी कुमार
_9
83994
245
_a
एकात्म मानवदर्शन के प्रणेता पंडित दीनदयाल उपाध्याय
260
_a
जयपुर
_b
लिटरेरी सर्किल
_c
2025
650
_a
जीवनी
942
_c
BK
999
_c
69012
_d
69012